| 000 | 01207nam a2200301 i 4500 | ||
|---|---|---|---|
| 001 | 35819 | ||
| 003 | BD-RjUL | ||
| 005 | 20211209052402.0 | ||
| 008 | 140609s1962 enk 000 0 eng d | ||
| 035 |
_aOCLC ocm02201550 from D960711M _a(BD-RjUL)35914 |
||
| 040 |
_aAZS _cAZS _dOCL _dOUN _dUKM _dBD-RjUL _beng |
||
| 041 | _aeng | ||
| 082 | 0 |
_a320.51 _218 _bPAI 1962 |
|
| 090 |
_aHM276 _b.P2 1962 |
||
| 100 | 1 |
_aPanikkar, K. M. _q(Kavalam Madhava), _d1896-1963. _968801 |
|
| 245 | 1 | 0 |
_aIn defence of Liberalism / _cK.M. Panikkar. Issued under the auspices of the Indian School of International Studies |
| 260 |
_aLondon : _bAsia Pub. House, _c1962. |
||
| 300 |
_avi, 135 p. ; _c19 cm |
||
| 490 | 1 | _aShrimati Sarojini Naidu lectures | |
| 500 | _a"Based on the first Shrimati Sarojini Naidu Lecture series .. "--Dust cover. | ||
| 505 | 0 | _aThe liberal doctrines -- The liberal transformation -- The weakness of liberalism -- New horizons -- Liberalism and the future. | |
| 650 | 0 |
_aLiberalism. _9109090 |
|
| 650 | 0 |
_aLiberalism _zIndia. _9109091 |
|
| 710 | 2 |
_aIndian School of International Studies. _9109092 |
|
| 830 | 0 |
_aShrimati Sarojini Naidu lectures _9109093 |
|
| 942 |
_2ddc _cBK |
||
| 999 |
_c35819 _d35819 |
||